Ultimate Walking Dead Death Quiz - Statistics

General Stats
  • This quiz has been taken 242 times
    236 since last reset
  • The average score is 17 of 43
Answer Stats
Death Character % Correct
Bitten; Bloodloss; Put down by sister Amy
99%
Bitten and left to die on the side of a road Jim
93%
Explosion Jacqui
80%
Devoured by walkers in the prison T-Dog
75%
Disembowled Dale
68%
Explosion Edwin Jenner
68%
Bloodloss during pregnancy; Put down to prevent reanimation Lori Grimes
62%
Bitten; Committed suicide to prevent reanimation Andrea
60%
Stabbed in the heart; Shot in the head by Carl Shane Walsh
57%
Shot and left to reanimate until eventually put down by brother Merle Dixon
56%
Stabbed in the stomach; Put down by Andrea Milton
55%
Decapitated Hershel Greene
51%
Sacrificed to walkers Otis
51%
Shot in the head by the Governor during the prison attack Axel
47%
Shot in the stomach during the raid on Woodbury Oscar
44%
Devoured by walkers in a revolving door Noah
42%
Hacked to death with a machete Gareth
39%
Head bashed in by Negan; Second victim Glenn Rhee
39%
Committed suicide on the top of a dumpster Nicholas
39%
Shot in the head on accident Beth Greene
37%
Shot through the eye during speech Denise
37%
Head bashed in by Negan; First victim Abraham Ford
36%
Bitten on the abdomen; Committed suicide to prevent reanimation Carl Grimes
32%
Killed by walker offscreen; Put down by Rick Sophia Peletier
32%
Throat accidentally slit Reg Monroe
30%
Bitten; Died of bloodloss; Stabbed to prevent reanimation Tyreese Williams
30%
Executed by Rick on the orders of Deanna Pete Anderson
29%
Disembowled by Negan; Put down by Rick Spencer Monroe
29%
Stabbed to death by her sister Mika Samuels
28%
Bitten and died of infection; Later put down by son Deanna Monroe
27%
Shot in the head to prevent her from hurting other people Lizzie Samuels
27%
Stabbed in the chest and later shot in the head The Governor
27%
Devoured by walkers Sam Anderson
23%
Suicide; Put down by Maggie Sasha Williams
23%
Severely injured by explosion; Devoured by walkers Aiden Monroe
22%
Bitten in shoulder; Stabbed in the head before reanimation Bob Stookey
22%
Devoured by walkers Jessie Anderson
22%
Shot in the face Olivia
22%
Stabbed in the back then devoured by walkers Ron Anderson
22%
Bashed over the head and fed to walkers Caesar Martinez
16%
Shot in abdomen; Later joins herd as a walker Eric
13%
Shot in the head by Daryl with crossbow Morales
10%
Devoured by walkers defending her caretaker Shiva
6%
No matching quizzes found
Score Distribution
Percent of People with Each Score
Percentile by Number Answered
Your Score History
You have not taken this quiz since the last reset